00474 2200193 4500001002100000005001500021008004100036020001500077035002000092082000800112084001400120100002400134245003500158250001000193260003500203300002200238990001000260990001000270INLIS00000000001426720181220084710181220| ||| 0 ind d a9797446832 a0010-12180002100 a925 a925 KAM t0 aKamajayaePengarang10aThomas Alva Edison 1847 - 1931 aCet 1 ajakarta :bGaneca Exact,c2006 a25 hlm ;c27,5 cm a14286 a14461